| 000 | 01261nam a2200349 a 4500 | ||
|---|---|---|---|
| 001 | 000337 | ||
| 003 | DO-SdBNP | ||
| 005 | 20240730114806.0 | ||
| 007 | 000336 | ||
| 008 | 081127s1984 mx 000 0 spa d | ||
| 020 | _a | ||
| 040 |
_aBPMSU _bspa _cBPMSU |
||
| 082 | 4 |
_a862.3 _bC419l 1984 _222 |
|
| 100 | 1 |
_aCervantes Saavedra, Miguel de, _d1547-1616. _935 |
|
| 245 | 1 | 3 |
_aEl Lazarillo de Tormes ; Los habladores ; El retablo de las maravillas / _cMiguel de Cervantes Saavedra, adaptación Diego Hurtado de Mendoza |
| 250 | _b | ||
| 260 |
_aMéxico : _bEditorial Orión, _c1984. |
||
| 300 |
_a122 p. ; _c20 cm. |
||
| 490 | 0 | _aLiteraria Cervantes | |
| 500 | _a | ||
| 505 | 0 |
_aEl Lazarillo de Tormes / _rAnónimo -- _tLos habladores ; El retablo de las maravillas / _rMiguel de Cervantes. |
|
| 563 | _aTres obras encadernadas juntas con paginación continúa | ||
| 590 | _aInventariado, 2024/VM | ||
| 650 | 4 | _aTeatro español | |
| 650 | 4 | _aNovela española | |
| 650 | 4 | _a Literatura picaresca española. | |
| 700 | 1 |
_aHurtado de Mendoza, Diego _d1503-1575. _eadaptación _tEl Lazarillo de Tormes |
|
| 740 | _aLos habladores | ||
| 740 | _aEl retablo de las maravillas | ||
| 910 | _a VMateo V. Control de calidad. BPMSU | ||
| 942 |
_2ddc _cBK |
||
| 999 |
_c9227 _d9227 |
||